<?xml version="1.0" encoding="UTF-8"?>
<record
    xmlns:xsi="http://www.w3.org/2001/XMLSchema-instance"
    xsi:schemaLocation="http://www.loc.gov/MARC21/slim http://www.loc.gov/standards/marcxml/schema/MARC21slim.xsd"
    xmlns="http://www.loc.gov/MARC21/slim">

  <leader>00781nam a22001337a 4500</leader>
  <datafield tag="040" ind1=" " ind2=" ">
    <subfield code="c">RUA</subfield>
  </datafield>
  <datafield tag="082" ind1=" " ind2=" ">
    <subfield code="a">VEM PIC 2021 B1-602 Or.</subfield>
  </datafield>
  <datafield tag="100" ind1=" " ind2=" ">
    <subfield code="a">PICH SOKUN,&#x1796;&#x17C1;&#x1787;&#x17D2;&#x179A; &#x179F;&#x17BB;&#x1782;&#x1793;&#x17D2;&#x1792;</subfield>
  </datafield>
  <datafield tag="245" ind1=" " ind2=" ">
    <subfield code="a">USING OF BETEL NUT (ARECA NUT) SEEDS ON GASTROINTESTINAL PARASITES OF CHICKEN AT KAMBOUL COMMUNE,KAMBOUL DISTRICT,PHNOM PENH,&#x1780;&#x17B6;&#x179A;&#x1794;&#x17D2;&#x179A;&#x17BE;&#x1794;&#x17D2;&#x179A;&#x17B6;&#x179F;&#x17CB;&#x179F;&#x17D2;&#x179B;&#x17B6;&#x179B;&#x17BE;&#x1794;&#x179A;&#x17B6;&#x179F;&#x17B7;&#x178F;&#x1780;&#x17D2;&#x1793;&#x17BB;&#x1784;&#x1794;&#x17D2;&#x179A;&#x178A;&#x17B6;&#x1794;&#x17CB;&#x179A;&#x17C6;&#x179B;&#x17B6;&#x1799;&#x17A2;&#x17B6;&#x17A0;&#x17B6;&#x179A;&#x1798;&#x17B6;&#x1793;&#x17CB;&#x1793;&#x17C5;&#x179F;&#x1784;&#x17D2;&#x1780;&#x17B6;&#x178F;&#x17CB;&#x1780;&#x17C6;&#x1794;&#x17BC;&#x179B; &#x1781;&#x178E;&#x17D2;&#x178C;&#x1780;&#x17C6;&#x1794;&#x17BC;&#x179B; &#x179A;&#x17B6;&#x1787;&#x1792;&#x17B6;&#x1793;&#x17B8;&#x1797;&#x17D2;&#x1793;&#x17C6;&#x1796;&#x17C1;&#x1789;</subfield>
  </datafield>
  <datafield tag="260" ind1=" " ind2=" ">
    <subfield code="a">phnom penh</subfield>
    <subfield code="b">rua</subfield>
    <subfield code="c">2021</subfield>
  </datafield>
  <datafield tag="300" ind1=" " ind2=" ">
    <subfield code="a">viii.29p.</subfield>
    <subfield code="b">ill.</subfield>
    <subfield code="c">29cm.</subfield>
  </datafield>
  <datafield tag="856" ind1=" " ind2=" ">
    <subfield code="u">https://drive.google.com/file/d/1-syd8RXmzEPQl7o6YbBQUoihWtZUroX4/view?usp=sharing</subfield>
  </datafield>
  <datafield tag="942" ind1=" " ind2=" ">
    <subfield code="c">VEM</subfield>
  </datafield>
  <datafield tag="999" ind1=" " ind2=" ">
    <subfield code="c">21677</subfield>
    <subfield code="d">21677</subfield>
  </datafield>
  <datafield tag="952" ind1=" " ind2=" ">
    <subfield code="0">0</subfield>
    <subfield code="1">0</subfield>
    <subfield code="4">0</subfield>
    <subfield code="6">VEM_PIC_2021_000000000000000_B1602_OR</subfield>
    <subfield code="7">0</subfield>
    <subfield code="9">94199</subfield>
    <subfield code="a">LBB</subfield>
    <subfield code="b">LBB</subfield>
    <subfield code="c">B1.602</subfield>
    <subfield code="d">2023-08-19</subfield>
    <subfield code="o">VEM PIC 2021 B1-602 Or.</subfield>
    <subfield code="p">a72729</subfield>
    <subfield code="r">2023-08-19</subfield>
    <subfield code="y">VEM</subfield>
  </datafield>
  <datafield tag="952" ind1=" " ind2=" ">
    <subfield code="0">0</subfield>
    <subfield code="1">0</subfield>
    <subfield code="4">0</subfield>
    <subfield code="6">VEM_PIC_2021_000000000000000_B1602_OR</subfield>
    <subfield code="7">0</subfield>
    <subfield code="9">94200</subfield>
    <subfield code="a">LBB</subfield>
    <subfield code="b">LBB</subfield>
    <subfield code="c">B1.602</subfield>
    <subfield code="d">2023-08-19</subfield>
    <subfield code="l">1</subfield>
    <subfield code="o">VEM PIC 2021 B1-602 Or.</subfield>
    <subfield code="p">a72342</subfield>
    <subfield code="r">2025-08-28</subfield>
    <subfield code="s">2025-08-07</subfield>
    <subfield code="y">VEM</subfield>
  </datafield>
  <datafield tag="952" ind1=" " ind2=" ">
    <subfield code="0">0</subfield>
    <subfield code="1">0</subfield>
    <subfield code="4">0</subfield>
    <subfield code="6">VEM_PIC_2021_000000000000000_B1602_OR</subfield>
    <subfield code="7">0</subfield>
    <subfield code="9">94201</subfield>
    <subfield code="a">LBB</subfield>
    <subfield code="b">LBB</subfield>
    <subfield code="c">B1.602</subfield>
    <subfield code="d">2023-08-19</subfield>
    <subfield code="l">1</subfield>
    <subfield code="o">VEM PIC 2021 B1-602 Or.</subfield>
    <subfield code="p">a72612</subfield>
    <subfield code="r">2026-04-23</subfield>
    <subfield code="s">2026-03-30</subfield>
    <subfield code="y">VEM</subfield>
  </datafield>
  <datafield tag="952" ind1=" " ind2=" ">
    <subfield code="0">0</subfield>
    <subfield code="1">0</subfield>
    <subfield code="4">0</subfield>
    <subfield code="6">VEM_PIC_2021_000000000000000_B1602_OR</subfield>
    <subfield code="7">0</subfield>
    <subfield code="9">94202</subfield>
    <subfield code="a">LBB</subfield>
    <subfield code="b">LBB</subfield>
    <subfield code="c">B1.602</subfield>
    <subfield code="d">2023-08-19</subfield>
    <subfield code="o">VEM PIC 2021 B1-602 Or.</subfield>
    <subfield code="p">a72677</subfield>
    <subfield code="r">2023-08-19</subfield>
    <subfield code="y">VEM</subfield>
  </datafield>
  <datafield tag="952" ind1=" " ind2=" ">
    <subfield code="0">0</subfield>
    <subfield code="1">0</subfield>
    <subfield code="4">0</subfield>
    <subfield code="6">VEM_PIC_2021_000000000000000_B1602_OR</subfield>
    <subfield code="7">0</subfield>
    <subfield code="9">94203</subfield>
    <subfield code="a">LBB</subfield>
    <subfield code="b">LBB</subfield>
    <subfield code="c">B1.602</subfield>
    <subfield code="d">2023-08-19</subfield>
    <subfield code="o">VEM PIC 2021 B1-602 Or.</subfield>
    <subfield code="p">a72452</subfield>
    <subfield code="r">2023-08-19</subfield>
    <subfield code="y">VEM</subfield>
  </datafield>
  <datafield tag="952" ind1=" " ind2=" ">
    <subfield code="0">0</subfield>
    <subfield code="1">0</subfield>
    <subfield code="4">0</subfield>
    <subfield code="6">VEM_PIC_2021_000000000000000_B1602_OR</subfield>
    <subfield code="7">0</subfield>
    <subfield code="9">94204</subfield>
    <subfield code="a">LBB</subfield>
    <subfield code="b">LBB</subfield>
    <subfield code="c">B1.602</subfield>
    <subfield code="d">2023-08-19</subfield>
    <subfield code="o">VEM PIC 2021 B1-602 Or.</subfield>
    <subfield code="p">a72377</subfield>
    <subfield code="r">2023-08-19</subfield>
    <subfield code="y">VEM</subfield>
  </datafield>
</record>
